IIT chemistry (Record no. 1975)

MARC details
000 -LEADER
fixed length control field 00662 a2200193 4500
020 ## - INTERNATIONAL STANDARD BOOK NUMBER
Terms of availability 490.00
035 ## - SYSTEM CONTROL NUMBER
System control number B-78005
037 ## - SOURCE OF ACQUISITION
Source of stock number/acquisition RP-ZLS-1706 / UBH-03-04:9 / RP-03-04:ENG
082 14 - DEWEY DECIMAL CLASSIFICATION NUMBER
Classification number 540
090 ## - LOCALLY ASSIGNED LC-TYPE CALL NUMBER (OCLC); LOCAL CALL NUMBER (OCLC)
-- 2008
-- 2008
100 1# - MAIN ENTRY--PERSONAL NAME
Personal name Agarwal, O.P.
245 1# - TITLE STATEMENT
Title IIT chemistry
Remainder of title for IIT joint entrance and other engineering entrance examinations
Statement of responsibility, etc by O.P. Agarwal, Avinash Agarwal
250 ## - EDITION STATEMENT
Edition statement 109th ed.
260 ## - PUBLICATION, DISTRIBUTION, ETC. (IMPRINT)
Place of publication, distribution, etc Meerut
Name of publisher, distributor, etc Jai Prakasah Nath Publications
Date of publication, distribution, etc 2003
300 ## - PHYSICAL DESCRIPTION
Extent xx, 1812 p
Dimensions 24 cm (pbk)
700 ## - ADDED ENTRY--PERSONAL NAME
Personal name Agarwal, Avinash
942 ## - ADDED ENTRY ELEMENTS (KOHA)
Institution code [OBSOLETE] dpl
Koha item type English Books
Call number prefix 540 / AGA
Holdings
Withdrawn status Lost status Source of classification or shelving scheme Damaged status Not for loan Collection code Home library Current library Cost, normal purchase price Total Checkouts Full call number Barcode Date last seen Copy number Uniform Resource Identifier Cost, replacement price Price effective from Koha item type
    Dewey Decimal Classification     Non-fiction Sarojini Nagar Sarojini Nagar 490.00   540 AGA B-78005 15/09/2008 1 2087 490.00 15/09/2008 English Books

© Delhi Public Library
Hit Counter
free hit counter